| 000 | 00540nam a22002057a 4500 | ||
|---|---|---|---|
| 005 | 20170817164001.0 | ||
| 008 | 170817b xxu||||| |||| 00| 0 spa d | ||
| 020 | _a9786076227190 | ||
| 041 | _aeng | ||
| 082 | _a005.43 A654a | ||
| 245 | _aAprender InDesign CC 2016 release con 100 ejercicios prácticos | ||
| 260 | _aMéxico | ||
| 260 | _bAlfaomega | ||
| 260 | _c2016 | ||
| 300 | _a216 páginas | ||
| 650 |
_aSISTEMAS OPERATIVOS _96496 |
||
| 650 |
_aADOBE INDESIGN _943784 |
||
| 650 |
_aCREACIÓN DE DOCUMENTOS _96560 |
||
| 942 | _cBK | ||
| 999 |
_c9740 _d9740 |
||